00330nam a22001457a 4500003000400000005001700004008004100021020001500062040000700077082001300084100001400097245003400111260003100145300000800176OSt20211222101413.0211222b |||||||| |||| 00| 0 eng d a0201776294 cHU 23eda004 aAglossary aA glossary of Computing TERMS aGrat BritainbGrat Britain f379